00683nam a2200229Ia 4500003000900000008004100009040001300050040001300063041000800076100002000084245004900104250001200153260001200165260000900177300001100186300001000197490001800207490000800225942000700233999001700240952019600257IT-RoPAU120407s9999 xx 000 0 und d aIT-RoPAU cIT-RoPAU aita aSimon Légasse aI poveri di spirito. Vangelo e non violenza. aBrescia aPaideia c1976 a102 p. c21 cm aStudi biblici v137 cBK c24060d24060 00102ddc406222_73700000000000071aPAULUSbPAULUSd2012-04-11l0o222.737r2012-04-11 00:00:00w2012-04-11yBKzInserito da: Jole In data: 30 luglio 2011 fondo: Via A.Severo 56 Progr:11219